| 000 | 00648nam a22002057a 4500 | ||
|---|---|---|---|
| 005 | 20260204124307.0 | ||
| 008 | 260204b |||||||| |||| 00| 0 eng d | ||
| 037 | _cTB | ||
| 040 |
_aCL _cCL |
||
| 041 |
_2eng _aeng |
||
| 084 |
_aO44:g R5 _qCRL |
||
| 100 |
_aNarasimhaiah, C.D. _91113633 |
||
| 245 |
_aFunction of criticism in India: _bessays in Indian response to literature |
||
| 260 |
_aMysore, India: _bCentral Institute of Indian Language, _c2025. |
||
| 300 | _axiv,233p. | ||
| 365 |
_aINR _b450 |
||
| 650 | _2Indian Literature | ||
| 942 |
_2CC _cTB _hO44:g R5 _n0 |
||
| 999 |
_c1678635 _d1678635 |
||